Islands of Svalbard on a Map - Statistics

General Stats
  • This quiz has been taken 34 times
  • The average score is 12 of 25
Answers on the Map
Answers color-coded by a green-red scale on the quiz's map according to % correct below.
 
Answer Stats
Island Area (km²) % Correct
Spitsbergen 37673
93%
Nordaustlandet 14443
73%
Edgeøya 5073
67%
Barentsøya 1188
60%
Bjørnøya 178
60%
Hopen 47
53%
Kvitøya 682
53%
Prins Karls Forland 615
53%
Storøya 50
53%
Abeløya 13
47%
Amsterdamøya 17
47%
Kongsøya 191
47%
Lågøya 104
47%
Svenskøya 137
47%
Wilhelmøya 120
47%
Blomstrandhalvøya 16
40%
Chermsideøya 14
40%
Danskøya 41
33%
Martensøya 19
33%
Parryøya 20
33%
Phippsøya 22
33%
Søre Repøya 23
33%
Søre Russøya 10
33%
Von Otterøya 20
33%
Wahlbergøya 48
33%
No matching quizzes found
Score Distribution
Percent of People with Each Score
Percentile by Number Answered
Your Score History
You have not taken this quiz